000 02426nam0a2200337 4500
001 RU\NLR\bibl\1143879
005 20260407170025.0
010 _a978-5-7576-0210-3
_9150
021 _aRU
_b2007-62130
_93320
035 _a(NLR Aleph) 001130714
090 _a1356135
_c1356135
100 _a20071022d2007 |||y0rusy50 ca
101 0 _arus
102 _aRU
105 _ay |||||||||
200 1 _aСлавяноведение в России в XIX-XXI веках
_eк 170-летию создания университетских кафедр славистики
_eсборник статей
_e[по материалам конференции "История и современное состояние отечественной славистики. К 170-летию основания кафедр славистики в университетах России"]
_eв честь юбилея профессора МГУ, выдающегося российского историка-слависта Л.П. Лаптевой
_f[редкол.: д.ист.н. К.В. Никифоров (отв. ред.) и др.]
210 _aМосква
_cИнститут славяноведения РАН
_d2007
215 _a271 с.
_d21
300 _aВ надзаг.: Рос. акад. наук, Ин-т славяноведения, МГУ им. М.В. Ломоносова
320 _aБиблиогр. в прим. в конце докл. и в подстроч. прим.
606 1 _aСлавяноведение
_jСборники
_xИстория
_yРоссия
_9909790
_3RU\NLR\auth\66332006
686 _aТ3(49=Сл)я43
702 1 _4340
_8rus
_7ca
_aНикифоров
_bК. В.
_f1956-
_cд-р ист. наук
_gКонстантин Владимирович
_3RU\NLR\auth\7764934
_947863
711 1 2 _a"История и современное состояние отечественной славистики. К 170-летию основания кафедр славистики в университетах России", международная научная конференция
_f2005
_eМосква
_3RU\NLR\AUTH\8810105815
_9711929
712 0 2 _4570
_aИнститут славяноведения
_cМосква
_3RU\NLR\AUTH\889998985
_9495381
801 0 _aRU
_bNLR
_c20071022
_gRCR
801 1 _aRU
_bNLR
_c20071022
830 _aред. по ГАК
942 _cBOOK
980 _aNB